书目信息 |
| 题名: |
持久性有机污染物的分析方法与检测技术
|
|
| 作者: | 张庆华 , 王璞 , 李晓敏 , 杨瑞强 著 | |
| 分册: | ||
| 出版信息: | 北京 科学出版社 2019.06 |
|
| 页数: | XIII, 282页, [4] 页图版 | |
| 开本: | 25cm | |
| 丛书名: | 持久性有机污染物POPs研究系列专著 | |
| 单 册: | ||
| 中图分类: | X5 | |
| 科图分类: | ||
| 主题词: | 持久性--chi jiu xing--有机污染物--分析方法 , 持久性--chi jiu xing--有机污染物--检测 | |
| 电子资源: | ||
| ISBN: | 978-7-03-061283-0 | |
| 000 | 01412nam 2200337 450 | |
| 001 | 0100011143 | |
| 005 | 20190905093952.0 | |
| 010 | @a978-7-03-061283-0@b精装@dCNY128.00 | |
| 100 | @a20190904d2019 em y0chiy50 ea | |
| 101 | 0 | @achi |
| 102 | @aCN@b110000 | |
| 105 | @aafk a 001yy | |
| 106 | @ar | |
| 200 | 1 | @a持久性有机污染物的分析方法与检测技术@Achi jiu xing you ji wu ran wu de fen xi fang fa yu jian ce ji shu@f张庆华 ... [等] 著 |
| 210 | @a北京@c科学出版社@d2019.06 | |
| 215 | @aXIII, 282页, [4] 页图版@c图@d25cm | |
| 225 | 2 | @a持久性有机污染物POPs研究系列专著@Achi jiu xing you ji wu ran wu POPs yan jiu xi lie zhuan zhu |
| 300 | @a“十三五”国家重点出版物出版规划项目 | |
| 304 | @a题名页题其余责任者: 王璞, 李晓敏, 杨瑞强 | |
| 320 | @a有书目和索引 | |
| 330 | @a本书分为十章, 主要内容包括: 持久性有机污染物分析检测技术概述 ; 二英类化合物的分析 ; 多环芳烃的分析 ; 有机氯农药的分析 ; 毒杀芬的分析 ; 短链氯化石蜡的分析 ; 全氟及多氟烷基化合物的分析 ; 新型卤代阻燃剂的分析等。 | |
| 410 | 0 | @12001 @a持久性有机污染物POPs研究系列专著 |
| 606 | 0 | @a持久性@Achi jiu xing@x有机污染物@x分析方法 |
| 606 | 0 | @a持久性@Achi jiu xing@x有机污染物@x检测 |
| 690 | @aX5@v5 | |
| 701 | 0 | @a张庆华@Azhang qing hua@4著 |
| 701 | 0 | @a王璞@Awang pu@4著 |
| 701 | 0 | @a李晓敏@Ali xiao min@4著 |
| 701 | 0 | @a杨瑞强@Ayang rui qiang@4著 |
| 801 | 0 | @aCN@c20190905 |
| 905 | @a河南城建学院图书馆@dX5@eZ152 | |
| 持久性有机污染物的分析方法与检测技术/张庆华 ... [等] 著.-北京:科学出版社,2019.06 |
| XIII, 282页, [4] 页图版:图;25cm.-(持久性有机污染物POPs研究系列专著) |
| “十三五”国家重点出版物出版规划项目 |
| ISBN 978-7-03-061283-0(精装):CNY128.00 |
| 本书分为十章, 主要内容包括: 持久性有机污染物分析检测技术概述 ; 二英类化合物的分析 ; 多环芳烃的分析 ; 有机氯农药的分析 ; 毒杀芬的分析 ; 短链氯化石蜡的分析 ; 全氟及多氟烷基化合物的分析 ; 新型卤代阻燃剂的分析等。 |
| ● |
| 相关链接 |
|
|
|
正题名:持久性有机污染物的分析方法与检测技术
索取号:X5/Z152
 
预约/预借
| 序号 | 登录号 | 条形码 | 馆藏地/架位号 | 状态 | 备注 |
| 1 | 1439498 | 214394984 | 自科库501/501自科库 98排1列1层/ [索取号:X5/Z152] | 在馆 |